000 00567nam a2200181Ia 4500
999 _c8810
_d8810
003 OSt
005 20201007132332.0
008 190216s9999||||xx |||||||||||||| ||und||
020 _a9788120304093
040 _coclc
082 _a004.165
_bLIU/M
100 _aLiu, Yu-Cheng
_95393
245 0 _aMicrocomputer Systems: The 8086/8088 Family /
_cYu-Cheng Liu ; Glenn A Gibson
260 _bPrentice Hall Of India Pvt Ltd,
_c2003.
_aNew Delhi:
300 _a623p
650 _aComputer Science
942 _cBK
_2ddc
_h004.165
_iLIU/M
_k004.165
_mLIU/M